00517nam a2200169 a 4500008004100000020002200041100002000063245011000083260003200193300003300225500002000258650002000278700002200298003000100320005001700321040000900338  a1846285186 (pbk.)1 aLawrence, Dave.10aBalanced website design optimising Aesthetics, usability and purpose cDave Lawrence and Soheyla Tavakol. aLondon :bSpringer, c2007. axvi, 234 p. :bill. ;c29cm. aIncludes index. aWebsite design. aTavakol, Soheyla.20230123122307.0 cNUST